1009 ejercicios y juegos de fútbol

Guardat en:
Dades bibliogràfiques
Autor principal: Segura Rius, José (Autor)
Format: Llibre
Idioma:espanyol
Publicat: Barcelona Paidotribo 1989
Col·lecció:Colección Deporte
Matèries:
Etiquetes: Afegir etiqueta
Sense etiquetes, Sigues el primer a etiquetar aquest registre!

MARC

LEADER 00000nam a2200000 a 4500
001 UCW6700
003 CL-VaPUC
008 920427e19890000SP |||||||||||||||||spa|d
082 0 4 |a 796.334  |b SEG  |2 21 
100 0 |a Segura Rius, José  |e author  |9 311737 
245 1 0 |a 1009 ejercicios y juegos de fútbol 
300 |a 344 p 
942 |c BK 
945 |d 19920427 00:00:00 
260 |a Barcelona  |b Paidotribo  |c 1989 
650 0 |a Fútbol  |9 307513 
650 7 |a ENTRENAMIENTO ATLETICO  |2 CL-VaPUC  |9 311738 
583 |a last modification  |c 19920427 00:00:00  |k Rodrigo Vera 
490 0 |a Colección Deporte 
999 |c 219669  |d 219667 
952 |0 0  |1 0  |4 0  |6 796_334000000000000_SEG_1989  |7 0  |8 A  |9 210873  |a BIBEDU  |b BIBEDU  |d 2019-11-15  |i 2790971  |l 4  |m 2  |o 796.334 SEG 1989  |p 2790971  |r 2024-10-23  |s 2024-10-16  |w 2019-11-15  |y BK  |k EDU